[Event "Magistral Internacional FEXRJ 2007"]
[Site "Rio de Janeiro BRA"]
[Date "2007.11.25"]
[Round "1.1"]
[White "Teixeira, Ricardo da Silva"]
[Black "Rodriguez Vila, Andres"]
[Result "0-1"]
[WhiteElo "2397"]
[BlackElo "2541"]
[PlyCount "66"]
[EventDate "2007.11.25"]
[EventType "tourn"]
[EventRounds "9"]
[EventCountry "BRA"]

1. Nf3 d6 2. c4 e5 3. Nc3 f5 4. d4 e4 5. Nd2 Nf6 6. e3 c5 7. Nb3 Nc6 8. Be2 Be7
9. O-O O-O 10. f4 Kh8 11. d5 Nb4 12. a3 Na6 13. Nd2 Nc7 14. b3 b5 15. Qc2 Rb8
16. Nd1 Bd7 17. Nf2 Qe8 18. Rb1 a5 19. g4 Qg6 20. Kh1 fxg4 21. Nfxe4 Nxe4 22.
Nxe4 Bf5 23. Bd3 bxc4 24. bxc4 Rxb1 25. Qxb1 Bh4 26. Nf2 g3 27. hxg3 Bxg3 28.
Bxf5 Rxf5 29. Nh3 Ne8 30. Qe4 Nf6 31. Qg2 Rh5 32. Kg1 Ne4 33. Ng5 Bh2+ 0-1

[Event "Magistral Internacional FEXRJ 2007"]
[Site "Rio de Janeiro BRA"]
[Date "2007.11.25"]
[Round "1.3"]
[White "Bittencourt, Jorge"]
[Black "Di Berardino, Diego Rafael"]
[Result "1/2-1/2"]
[WhiteElo "2448"]
[BlackElo "2430"]
[PlyCount "43"]
[EventDate "2007.11.25"]
[EventType "tourn"]
[EventRounds "9"]
[EventCountry "BRA"]
[Source "lmi"]
[SourceDate "2007.11.25"]

1. e4 c5 2. Nf3 d6 3. d4 cxd4 4. Nxd4 Nf6 5. Nc3 a6 6. Be3 e5 7. Nf3 Be7 8. Bc4
O-O 9. O-O Be6 10. Bb3 Nc6 11. Qe2 b5 12. Rfd1 h6 13. Nd5 Bxd5 14. Bxd5 Nxd5
15. Rxd5 Qc7 16. c3 Na5 17. Nd2 Rfc8 18. Nf1 Rab8 19. Ng3 Bf8 20. h4 Nc6 21.
Rad1 b4 22. Nf5 1/2-1/2

[Event "Magistral Internacional FEXRJ 2007"]
[Site "Rio de Janeiro BRA"]
[Date "2007.11.25"]
[Round "1.4"]
[White "Felgaer, Ruben"]
[Black "Santa Cruz, Arthur"]
[Result "1-0"]
[WhiteElo "2539"]
[BlackElo "2247"]
[PlyCount "51"]
[EventDate "2007.11.25"]
[EventType "tourn"]
[EventRounds "9"]
[EventCountry "BRA"]
[Source "lmi"]
[SourceDate "2007.11.25"]

1. e4 c5 2. Nf3 Nc6 3. Bb5 g6 4. O-O Bg7 5. Re1 Nf6 6. e5 Nd5 7. b3 O-O 8. Bb2
b6 9. Bxc6 dxc6 10. h3 Nf4 11. d3 f5 12. Nc3 Bb7 13. Qd2 Ne6 14. Ne2 Qd7 15.
Rad1 Rad8 16. Qc1 Qc8 17. Bc3 f4 18. Qa3 Qc7 19. Qa4 b5 20. Qa5 Qb8 21. d4 Ba8
22. dxc5 Rxd1 23. Rxd1 Nxc5 24. Qb4 Nb7 25. Qxe7 c5 26. Rd7 1-0

[Event "Magistral Internacional FEXRJ 2007"]
[Site "Rio de Janeiro BRA"]
[Date "2007.11.29"]
[Round "1.5"]
[White "Fier, Alexandr"]
[Black "Stamenkovic, Dragan P"]
[Result "1/2-1/2"]
[WhiteElo "2516"]
[BlackElo "2315"]
[PlyCount "100"]
[EventDate "2007.11.25"]
[EventType "tourn"]
[EventRounds "9"]
[EventCountry "BRA"]
[Source "lmi"]
[SourceDate "2007.11.25"]

1. e4 c5 2. Nf3 d6 3. d4 cxd4 4. Nxd4 Nf6 5. Nc3 g6 6. Be3 Bg7 7. f3 O-O 8. Qd2
Nc6 9. Bc4 Nd7 10. h4 Nb6 11. Bb3 Na5 12. Qd3 Bd7 13. h5 Rc8 14. hxg6 hxg6 15.
Bh6 Bxh6 16. Rxh6 Kg7 17. Rh2 Rh8 18. Rxh8 Qxh8 19. O-O-O Nbc4 20. Nde2 Kf8 21.
Bxc4 Nxc4 22. b3 Nb6 23. Qe3 Qe5 24. Kb2 Kg7 25. Rh1 Rh8 26. Rxh8 Kxh8 27. a4
Kg7 28. Kc1 Bc6 29. Kd2 Qc5 30. Nc1 Qxe3+ 31. Kxe3 a5 32. Nd3 e5 33. Ne2 f5 34.
c4 fxe4 35. fxe4 Kf6 36. Nc3 Ke6 37. Nd5 Bxd5 38. cxd5+ Kf6 39. Nb2 Kg5 40. Kf3
Kh4 41. Nd1 Kg5 42. Nc3 Kf6 43. Nb5 Ke7 44. Nc7 Nd7 45. Ne6 Nf6 46. g4 Ke8 47.
g5 Nh5 48. Kg4 Ke7 49. Kh4 Ke8 50. Kh3 Ke7 1/2-1/2

[Event "Magistral Internacional FEXRJ 2007"]
[Site "Rio de Janeiro BRA"]
[Date "2007.11.26"]
[Round "2.1"]
[White "Rodriguez Vila, Andres"]
[Black "Stamenkovic, Dragan P"]
[Result "0-1"]
[WhiteElo "2541"]
[BlackElo "2315"]
[PlyCount "156"]
[EventDate "2007.11.25"]
[EventType "tourn"]
[EventRounds "9"]
[EventCountry "BRA"]
[Source "lmi"]
[SourceDate "2007.11.25"]

1. f4 c5 2. Nf3 Nc6 3. g3 g6 4. Bg2 Bg7 5. O-O e6 6. e4 Nge7 7. c3 O-O 8. Na3
b6 9. d4 cxd4 10. cxd4 d5 11. e5 a5 12. Nc2 Ba6 13. Rf2 Rc8 14. a3 Nf5 15. g4
Nh4 16. Nxh4 Qxh4 17. g5 h6 18. Rf3 Qh5 19. gxh6 Bxh6 20. Qd2 Bg7 21. b4 Rc7
22. Bb2 Rfc8 23. Ne3 axb4 24. axb4 Bb5 25. Kh1 Ne7 26. Re1 Qh4 27. Rg1 Nf5 28.
Nxf5 exf5 29. Rh3 Qd8 30. Bc3 Rc6 31. Re1 Ra8 32. Rg3 Re6 33. Bh3 Qh4 34. Qf2
Rc6 35. Qf3 Ra3 36. Re3 Bc4 37. Be1 Rxe3 38. Qxe3 Qh5 39. Rg1 Qe2 40. Qxe2 Bxe2
41. Bg2 Bc4 42. Bh4 Bh6 43. Ra1 Rc8 44. Bg3 Bb3 45. Bf3 Rc3 46. Kg2 Rc2+ 47.
Kg1 Ba2 48. Bd1 Rb2 49. Bf3 Kf8 50. Bg2 Ke8 51. b5 Kd7 52. Rxa2 Rxa2 53. Bxd5
Rd2 54. Bxf7 Rxd4 55. Bxg6 Ke6 56. Bf2 Rxf4 57. Be8 Rg4+ 58. Kf1 Rg8 59. Bc6
Rb8 60. Ke2 Bf4 61. h4 Bxe5 62. Kf3 Bc7 63. Bd4 Rg8 64. h5 Rg4 65. Bf2 Ke7 66.
Ke2 Kf6 67. Kd3 Kg5 68. Be8 Re4 69. Bg6 Re5 70. Kc4 f4 71. Bd4 Re7 72. Kd5 f3
73. Kc6 Bd8 74. Kd6 Re2 75. Bd3 Kxh5 76. Bxe2 fxe2 77. Bc3 Kg4 78. Kd7 Bh4 0-1

[Event "Magistral Internacional FEXRJ 2007"]
[Site "Rio de Janeiro BRA"]
[Date "2007.11.26"]
[Round "2.2"]
[White "Santa Cruz, Arthur"]
[Black "Fier, Alexandr"]
[Result "0-1"]
[WhiteElo "2247"]
[BlackElo "2516"]
[PlyCount "84"]
[EventDate "2007.11.25"]
[EventType "tourn"]
[EventRounds "9"]
[EventCountry "BRA"]
[Source "lmi"]
[SourceDate "2007.11.25"]

1. e4 e6 2. d4 d5 3. exd5 exd5 4. Nf3 Nc6 5. c4 Nf6 6. Nc3 Be7 7. Bd3 O-O 8.
O-O Bg4 9. cxd5 Nb4 10. Re1 Nbxd5 11. h3 Bh5 12. Bc4 c6 13. g4 Bg6 14. Ne5 Nxc3
15. bxc3 Nd5 16. Qb3 Bh4 17. Qxb7 Bxf2+ 18. Kxf2 Qh4+ 19. Ke2 Nxc3+ 20. Kf1
Qxh3+ 21. Kf2 Qh2+ 22. Kf1 Be4 23. Rxe4 Nxe4 24. Be3 Qh1+ 25. Ke2 Qxa1 26. Nxf7
Nc3+ 27. Kd2 Nd5 28. Bxd5 cxd5 29. Nh6+ gxh6 30. Qxd5+ Rf7 31. Qxa8+ Kg7 32.
Qd5 Qb2+ 33. Kd3 Qa3+ 34. Kd2 Re7 35. Qb3 Qxb3 36. axb3 Re4 37. d5 a6 38. d6
Kf7 39. Bxh6 Rxg4 40. Be3 Ke6 41. Bc5 h5 42. Ke2 h4 0-1

[Event "Magistral Internacional FEXRJ 2007"]
[Site "Rio de Janeiro BRA"]
[Date "2007.11.26"]
[Round "3.1"]
[White "Limp, Eduardo Thelio"]
[Black "Rodriguez Vila, Andres"]
[Result "0-1"]
[WhiteElo "2405"]
[BlackElo "2541"]
[PlyCount "84"]
[EventDate "2007.11.25"]
[EventType "tourn"]
[EventRounds "9"]
[EventCountry "BRA"]
[Source "lmi"]
[SourceDate "2007.11.25"]

1. d4 f5 2. Nf3 g6 3. c3 Bg7 4. g3 d6 5. Bg2 Nf6 6. Qb3 Nc6 7. O-O e6 8. Bg5 h6
9. Bxf6 Qxf6 10. Nbd2 e5 11. dxe5 dxe5 12. Ne1 h5 13. Nd3 h4 14. e4 f4 15. gxf4
h3 16. Bf3 Bh6 17. Rad1 Bxf4 18. Nxf4 Qxf4 19. Kh1 Bd7 20. Rg1 O-O-O 21. Rg3 g5
22. Nf1 Kb8 23. Ne3 Bc8 24. Rxd8 Rxd8 25. Qc2 Ne7 26. Bg4 Bxg4 27. Rxg4 Qf3+
28. Kg1 Ng6 29. Rg3 Qh5 30. Ng4 Nf4 31. Kh1 Qe8 32. Ne3 Qg6 33. Nf5 a6 34. c4
Qh5 35. Ne3 Rd4 36. c5 Qg6 37. Nf5 Rd8 38. b4 Qc6 39. a4 Nd3 40. Qe2 Nxf2+ 41.
Kg1 Nxe4 42. Rxh3 Qxa4 0-1

[Event "Magistral Internacional FEXRJ 2007"]
[Site "Rio de Janeiro BRA"]
[Date "2007.11.26"]
[Round "3.2"]
[White "Bittencourt, Jorge"]
[Black "Teixeira, Ricardo da Silva"]
[Result "1-0"]
[WhiteElo "2448"]
[BlackElo "2397"]
[PlyCount "81"]
[EventDate "2007.11.25"]
[EventType "tourn"]
[EventRounds "9"]
[EventCountry "BRA"]
[Source "lmi"]
[SourceDate "2007.11.25"]

1. e4 e6 2. d4 d5 3. Nc3 Bb4 4. e5 c5 5. a3 Bxc3+ 6. bxc3 Ne7 7. Qg4 O-O 8. Bd3
f5 9. exf6 Rxf6 10. Bg5 Nd7 11. Qh4 h6 12. Bxf6 Nxf6 13. dxc5 e5 14. f3 e4 15.
fxe4 dxe4 16. Bc4+ Kh8 17. Ne2 Qc7 18. Qf2 Bg4 19. h3 Bd7 20. O-O Rc8 21. Bb3
Qxc5 22. Qxc5 Rxc5 23. Rad1 Rc7 24. c4 Be6 25. Rd8+ Kh7 26. Rd6 Bg8 27. Ng3 Bf7
28. c3 Bg6 29. Re1 Nc6 30. Bc2 Re7 31. Rd2 Na5 32. Rde2 Nxc4 33. Nxe4 Nxe4 34.
Bxe4 Bxe4 35. Rxe4 Rxe4 36. Rxe4 Nxa3 37. Rb4 b6 38. Kf2 Kg6 39. Ke2 Kf6 40.
Kd3 b5 41. Rb3 1-0

[Event "Magistral Internacional FEXRJ 2007"]
[Site "Rio de Janeiro BRA"]
[Date "2007.11.26"]
[Round "3.4"]
[White "Fier, Alexandr"]
[Black "Di Berardino, Diego Rafael"]
[Result "1/2-1/2"]
[WhiteElo "2516"]
[BlackElo "2430"]
[PlyCount "100"]
[EventDate "2007.11.25"]
[EventType "tourn"]
[EventRounds "9"]
[EventCountry "BRA"]
[Source "lmi"]
[SourceDate "2007.11.25"]

1. e4 c5 2. Nf3 Nc6 3. d4 cxd4 4. Nxd4 Nf6 5. Nc3 e5 6. Ndb5 h6 7. Be3 d6 8.
Nd5 Nxd5 9. exd5 Nb8 10. c4 Be7 11. c5 O-O 12. Rc1 Na6 13. cxd6 Bxd6 14. Nxd6
Qxd6 15. Bc4 f5 16. f3 f4 17. Bf2 Bf5 18. O-O e4 19. fxe4 Bxe4 20. Qg4 Rf6 21.
Qh4 Rg6 22. g3 Nc5 23. Bb5 Nd3 24. Bxd3 Bxd3 25. Bc5 Qxd5 26. Rxf4 Rc6 27. Qe7
Rac8 28. Qxb7 Ba6 29. Qxa7 Rxc5 30. Rxc5 Qxc5+ 31. Qxc5 Rxc5 32. Rf2 Rc1+ 33.
Kg2 Bb7+ 34. Kh3 Bd5 35. b3 Be6+ 36. Kg2 Bd5+ 37. Kh3 Be4 38. Rf4 Bd3 39. Rd4
Bf5+ 40. g4 Bb1 41. Rd2 Rg1 42. Kh4 Kh7 43. Kh3 g5 44. a4 h5 45. Rg2 Rxg2 46.
Kxg2 Bc2 47. h4 hxg4 48. Kg3 Bd1 49. hxg5 Kg6 50. Kf4 Kh5 1/2-1/2

[Event "Magistral Internacional FEXRJ 2007"]
[Site "Rio de Janeiro BRA"]
[Date "2007.11.26"]
[Round "3.5"]
[White "Stamenkovic, Dragan P"]
[Black "Santa Cruz, Arthur"]
[Result "1-0"]
[WhiteElo "2315"]
[BlackElo "2247"]
[PlyCount "111"]
[EventDate "2007.11.25"]
[EventType "tourn"]
[EventRounds "9"]
[EventCountry "BRA"]
[Source "lmi"]
[SourceDate "2007.11.25"]

1. d4 c5 2. d5 Nf6 3. Nc3 g6 4. e4 d6 5. Be2 Bg7 6. Nf3 O-O 7. O-O e6 8. Nd2
Re8 9. a4 exd5 10. exd5 Nbd7 11. Nc4 Ne4 12. Nxe4 Rxe4 13. c3 Nb6 14. Nxb6 Qxb6
15. Bd3 Re8 16. Qc2 Qc7 17. c4 Bd4 18. Bg5 Bd7 19. Rad1 a6 20. b3 Qa5 21. Bf4
Bg4 22. Rc1 Qd8 23. Qd2 Be5 24. Bxe5 Rxe5 25. f4 Re8 26. f5 Qe7 27. Rce1 Qf6
28. fxg6 Qd4+ 29. Kh1 hxg6 30. Qc2 Kg7 31. h3 Bd7 32. Rd1 Qe5 33. Qd2 Qe3 34.
Qb2+ Qe5 35. Qd2 Qe3 36. Qc3+ Qe5 37. Qd2 Qg3 38. Rf3 Qe5 39. Rdf1 Re7 40. a5
Rh8 41. Qf2 f5 42. Qd2 Rh5 43. b4 cxb4 44. Qxb4 g5 45. Qd2 g4 46. Rf4 gxh3 47.
g3 Qe3 48. Qb2+ Kg6 49. g4 Rg5 50. gxf5+ Kf7 51. f6 Re8 52. Qxb7 Qxd3 53. Qxd7+
Kf8 54. Qe7+ Rxe7 55. fxe7+ Kg7 56. e8=Q 1-0

[Event "Magistral Internacional FEXRJ 2007"]
[Site "Rio de Janeiro BRA"]
[Date "2007.11.27"]
[Round "4.1"]
[White "Rodriguez Vila, Andres"]
[Black "Santa Cruz, Arthur"]
[Result "1-0"]
[WhiteElo "2541"]
[BlackElo "2247"]
[PlyCount "75"]
[EventDate "2007.11.25"]
[EventType "tourn"]
[EventRounds "9"]
[EventCountry "BRA"]
[Source "lmi"]
[SourceDate "2007.11.25"]

1. f4 Nf6 2. Nf3 g6 3. g3 Bg7 4. Bg2 O-O 5. O-O d5 6. d3 c5 7. Nc3 d4 8. Ne4
Nd5 9. Nxc5 Nc6 10. a3 a5 11. Qe1 f5 12. Rb1 a4 13. e4 dxe3 14. c4 Nc7 15. b3
axb3 16. Rxb3 e5 17. fxe5 Re8 18. Bxe3 Nxe5 19. Nxe5 Rxe5 20. d4 Rxe3 21. Qxe3
Bxd4 22. Bd5+ Qxd5 23. cxd5 Bxe3+ 24. Rxe3 Nxd5 25. Re5 Nb6 26. Rb1 Nc4 27. Re7
b6 28. Rd1 Kf8 29. Rxh7 Ke8 30. Ne6 Bxe6 31. Rh8+ Ke7 32. Rxa8 b5 33. Ra7+ Kf6
34. Ra6 Ke7 35. Re1 Nd6 36. h4 Ne4 37. Rb6 Kf7 38. Rxe4 1-0

[Event "Magistral Internacional FEXRJ 2007"]
[Site "Rio de Janeiro BRA"]
[Date "2007.11.27"]
[Round "4.2"]
[White "Di Berardino, Diego Rafael"]
[Black "Stamenkovic, Dragan P"]
[Result "1/2-1/2"]
[WhiteElo "2430"]
[BlackElo "2315"]
[PlyCount "80"]
[EventDate "2007.11.25"]
[EventType "tourn"]
[EventRounds "9"]
[EventCountry "BRA"]
[Source "lmi"]
[SourceDate "2007.11.25"]

1. e4 c5 2. Nf3 d6 3. d4 cxd4 4. Nxd4 Nf6 5. Nc3 g6 6. Be3 Bg7 7. f3 O-O 8. Qd2
Nc6 9. Bc4 Nd7 10. O-O-O Nb6 11. Bb3 Na5 12. Qe2 Nxb3+ 13. cxb3 a5 14. Kb1 a4
15. b4 Bd7 16. h4 Rc8 17. Nd5 Nxd5 18. exd5 a3 19. h5 axb2 20. hxg6 fxg6 21. g4
Rc3 22. Qh2 h5 23. Qd2 Rc1+ 24. Rxc1 bxc1=R+ 25. Qxc1 Qb6 26. Qd2 Qa6 27. gxh5
Qc4 28. Rg1 Qxd5 29. Rxg6 Qxh5 30. Qd3 Rf6 31. Qc4+ d5 32. Rxg7+ Kxg7 33. Qc7
Qe8 34. Qe5 Qg6+ 35. Kb2 Kf8 36. Bg5 Re6 37. Nxe6+ Qxe6 38. Qh8+ Kf7 39. Qh7+
Ke8 40. Qh8+ Kf7 1/2-1/2

[Event "Magistral Internacional FEXRJ 2007"]
[Site "Rio de Janeiro BRA"]
[Date "2007.11.27"]
[Round "4.4"]
[White "Teixeira, Ricardo da Silva"]
[Black "Felgaer, Ruben"]
[Result "0-1"]
[WhiteElo "2397"]
[BlackElo "2539"]
[PlyCount "76"]
[EventDate "2007.11.25"]
[EventType "tourn"]
[EventRounds "9"]
[EventCountry "BRA"]
[Source "lmi"]
[SourceDate "2007.11.25"]

1. Nf3 c5 2. c4 g6 3. Nc3 Bg7 4. g3 Nc6 5. Bg2 e5 6. O-O d6 7. a3 Nge7 8. Ne1
Be6 9. Nd5 O-O 10. d3 Rb8 11. Bg5 f6 12. Bd2 b5 13. b4 f5 14. Nc2 bxc4 15. dxc4
e4 16. Rb1 Bxd5 17. cxd5 Nxd5 18. Bg5 Nde7 19. f3 d5 20. bxc5 Qa5 21. fxe4 Rxb1
22. Qxb1 Rb8 23. Qd1 fxe4 24. Kh1 Qxc5 25. Nb4 Rf8 26. Bh3 Rxf1+ 27. Qxf1 Qd6
28. Qb1 Bf6 29. Bxf6 Qxf6 30. Nxc6 Nxc6 31. Qb7 Qd6 32. Qd7 Qxd7 33. Bxd7 Ne7
34. Kg2 Kf7 35. Kf2 Kf6 36. e3 Ke5 37. Bb5 Nf5 38. g4 Nd6 0-1

[Event "Magistral Internacional FEXRJ 2007"]
[Site "Rio de Janeiro BRA"]
[Date "2007.11.27"]
[Round "4.5"]
[White "Limp, Eduardo Thelio"]
[Black "Bittencourt, Jorge"]
[Result "1/2-1/2"]
[WhiteElo "2405"]
[BlackElo "2448"]
[PlyCount "42"]
[EventDate "2007.11.25"]
[EventType "tourn"]
[EventRounds "9"]
[EventCountry "BRA"]
[Source "lmi"]
[SourceDate "2007.11.25"]

1. d4 Nf6 2. Nf3 e6 3. c3 c5 4. Bg5 cxd4 5. cxd4 Qb6 6. Qc2 Nc6 7. Bxf6 gxf6 8.
e3 d5 9. Nc3 Bd7 10. Bb5 Be7 11. O-O O-O 12. Rfc1 Rfc8 13. Qe2 a6 14. Bd3 Nb4
15. Bb1 Qd6 16. a3 Nc6 17. b4 f5 18. Bd3 Rc7 19. Rc2 Rac8 20. Rac1 Be8 21. g3
Nb8 1/2-1/2

[Event "Magistral Internacional FEXRJ 2007"]
[Site "Rio de Janeiro BRA"]
[Date "2007.11.28"]
[Round "5.1"]
[White "Bittencourt, Jorge"]
[Black "Rodriguez Vila, Andres"]
[Result "1/2-1/2"]
[WhiteElo "2448"]
[BlackElo "2541"]
[PlyCount "33"]
[EventDate "2007.11.25"]
[EventType "tourn"]
[EventRounds "9"]
[EventCountry "BRA"]
[Source "lmi"]
[SourceDate "2007.11.25"]

1. e4 d6 2. d4 g6 3. Nc3 a6 4. f4 b5 5. Bd3 Bb7 6. Nf3 c5 7. Be3 Nd7 8. e5 Nh6
9. Be4 Bxe4 10. Nxe4 Nf5 11. Bf2 cxd4 12. exd6 Bg7 13. Nxd4 Nxd4 14. Bxd4 e5
15. fxe5 Qh4+ 16. Nf2 O-O 17. Qg4 1/2-1/2

[Event "Magistral Internacional FEXRJ 2007"]
[Site "Rio de Janeiro BRA"]
[Date "2007.11.28"]
[Round "5.2"]
[White "Felgaer, Ruben"]
[Black "Limp, Eduardo Thelio"]
[Result "1-0"]
[WhiteElo "2539"]
[BlackElo "2405"]
[PlyCount "42"]
[EventDate "2007.11.25"]
[EventType "tourn"]
[EventRounds "9"]
[EventCountry "BRA"]
[Source "lmi"]
[SourceDate "2007.11.25"]

1. e4 c5 2. Nf3 b6 3. d4 cxd4 4. Nxd4 Bb7 5. Nc3 Nc6 6. Bg5 f6 7. Be3 Nxd4 8.
Qxd4 e5 9. Qa4 a6 10. Qb3 b5 11. a4 Qa5 12. Bc4 Ne7 13. O-O b4 14. Rfd1 Bc6 15.
Bf7+ Kd8 16. Nd5 Nc8 17. Be6 Rb8 18. Bh3 Rb7 19. Nxf6 gxf6 20. Qe6 Kc7 21. Qxf6
Rg8 1-0

[Event "Magistral Internacional FEXRJ 2007"]
[Site "Rio de Janeiro BRA"]
[Date "2007.11.28"]
[Round "5.3"]
[White "Fier, Alexandr"]
[Black "Teixeira, Ricardo da Silva"]
[Result "1-0"]
[WhiteElo "2516"]
[BlackElo "2397"]
[PlyCount "63"]
[EventDate "2007.11.25"]
[EventType "tourn"]
[EventRounds "9"]
[EventCountry "BRA"]
[Source "lmi"]
[SourceDate "2007.11.25"]

1. e4 e6 2. d4 d5 3. Nc3 Bb4 4. e5 c5 5. a3 Bxc3+ 6. bxc3 Ne7 7. Qg4 O-O 8. Bd3
Nbc6 9. Qh5 Ng6 10. Nf3 Qc7 11. Be3 c4 12. Bxg6 fxg6 13. Qg4 Bd7 14. h4 Rf5 15.
h5 gxh5 16. Rxh5 Rxh5 17. Qxh5 Rf8 18. Kd2 Bc8 19. Rh1 h6 20. Qg4 Kf7 21. Rh3
Ke8 22. Rg3 Rf7 23. Qh5 Ke7 24. Ng5 Rf5 25. Qg6 hxg5 26. Qxg7+ Rf7 27. Qg8 Rf8
28. Qg6 Rf5 29. Bxg5+ Rxg5 30. Rxg5 Kd7 31. Qf7+ Ne7 32. Rg8 1-0

[Event "Magistral Internacional FEXRJ 2007"]
[Site "Rio de Janeiro BRA"]
[Date "2007.11.28"]
[Round "5.5"]
[White "Santa Cruz, Arthur"]
[Black "Di Berardino, Diego Rafael"]
[Result "0-1"]
[WhiteElo "2247"]
[BlackElo "2430"]
[PlyCount "50"]
[EventDate "2007.11.25"]
[EventType "tourn"]
[EventRounds "9"]
[EventCountry "BRA"]
[Source "lmi"]
[SourceDate "2007.11.25"]

1. e4 c5 2. Nf3 e6 3. d4 cxd4 4. Nxd4 Nc6 5. Nb5 d6 6. Bf4 e5 7. Be3 Nf6 8.
N1c3 a6 9. Na3 b5 10. Nd5 Nxd5 11. exd5 Nb8 12. c4 Be7 13. cxb5 O-O 14. Rc1 f5
15. Nc4 Nd7 16. b6 f4 17. Bd2 e4 18. g3 e3 19. fxe3 f3 20. Ba5 Qe8 21. Bd3 f2+
22. Kd2 Nc5 23. Bb1 Bh3 24. Qc2 Qh5 25. b4 Qxd5+ 0-1

[Event "Magistral Internacional FEXRJ 2007"]
[Site "Rio de Janeiro BRA"]
[Date "2007.11.28"]
[Round "6.3"]
[White "Teixeira, Ricardo da Silva"]
[Black "Stamenkovic, Dragan P"]
[Result "0-1"]
[WhiteElo "2397"]
[BlackElo "2315"]
[PlyCount "54"]
[EventDate "2007.11.25"]
[EventType "tourn"]
[EventRounds "9"]
[EventCountry "BRA"]
[Source "lmi"]
[SourceDate "2007.11.25"]

1. Nf3 d5 2. d4 Nf6 3. c4 e6 4. g3 dxc4 5. Bg2 Nbd7 6. O-O c5 7. Na3 cxd4 8.
Nxc4 Nb6 9. Nxd4 Nxc4 10. Qa4+ Bd7 11. Qxc4 Qb6 12. Bg5 Rc8 13. Qd3 Be7 14.
Rac1 O-O 15. Nb3 Bb5 16. Qe3 Qa6 17. Nd4 Bc4 18. b3 Bd5 19. Nf5 exf5 20. Rxc8
Rxc8 21. Qxe7 Bxg2 22. Kxg2 Qc6+ 23. Kg1 Re8 24. Qa3 Ne4 25. Be3 Nc3 26. Qb2 f4
27. Rc1 Nxe2+ 0-1

[Event "Magistral Internacional FEXRJ 2007"]
[Site "Rio de Janeiro BRA"]
[Date "2007.11.28"]
[Round "6.4"]
[White "Limp, Eduardo Thelio"]
[Black "Fier, Alexandr"]
[Result "0-1"]
[WhiteElo "2405"]
[BlackElo "2516"]
[PlyCount "94"]
[EventDate "2007.11.25"]
[EventType "tourn"]
[EventRounds "9"]
[EventCountry "BRA"]
[Source "lmi"]
[SourceDate "2007.11.25"]

1. d4 b6 2. e4 e6 3. Nf3 Bb7 4. Bd3 c5 5. c3 cxd4 6. cxd4 d6 7. Nc3 Nd7 8. O-O
Ne7 9. Re1 Ng6 10. g3 Be7 11. h4 O-O 12. Ng5 e5 13. d5 h6 14. Nh3 Re8 15. Rb1
Nf6 16. Kg2 Bc8 17. Rh1 a6 18. f3 b5 19. Be3 Rb8 20. b4 Nh5 21. Ne2 Bxh3+ 22.
Rxh3 Qd7 23. Qd2 Bd8 24. Rc1 Bb6 25. Rhh1 Bxe3 26. Qxe3 Ne7 27. g4 Nf6 28. h5
Rbc8 29. Nc3 Nh7 30. Rc2 Ng5 31. Rhc1 g6 32. hxg6 Nxg6 33. Ne2 Rxc2 34. Rxc2
Nh4+ 35. Kg3 Nhxf3 36. Ng1 Nxg1 37. Qxg1 Rc8 38. Qc1 Rxc2 39. Qxc2 Kg7 40. Qf2
Qc7 41. Qc2 Qd8 42. Qf2 a5 43. a3 axb4 44. axb4 Qc7 45. Qc2 Qa7 46. Kg2 Qe3 47.
Bxb5 Qh3+ 0-1

[Event "Magistral Internacional FEXRJ 2007"]
[Site "Rio de Janeiro BRA"]
[Date "2007.11.29"]
[Round "7.1"]
[White "Felgaer, Ruben"]
[Black "Rodriguez Vila, Andres"]
[Result "1-0"]
[WhiteElo "2539"]
[BlackElo "2541"]
[PlyCount "22"]
[EventDate "2007.11.25"]
[EventType "tourn"]
[EventRounds "9"]
[EventCountry "BRA"]
[Source "lmi"]
[SourceDate "2007.11.25"]

1. e4 b6 2. d4 Bb7 3. Bd3 e6 4. Nf3 c5 5. O-O cxd4 6. Nxd4 Bc5 7. Nb3 Be7 8.
Nc3 d6 9. Qg4 Kf8 10. f4 Nd7 11. Qe2 Qc7 1-0

[Event "Magistral Internacional FEXRJ 2007"]
[Site "Rio de Janeiro BRA"]
[Date "2007.11.29"]
[Round "7.2"]
[White "Fier, Alexandr"]
[Black "Bittencourt, Jorge"]
[Result "1/2-1/2"]
[WhiteElo "2516"]
[BlackElo "2448"]
[PlyCount "40"]
[EventDate "2007.11.25"]
[EventType "tourn"]
[EventRounds "9"]
[EventCountry "BRA"]
[Source "lmi"]
[SourceDate "2007.11.25"]

1. e4 c5 2. Nf3 d6 3. d4 cxd4 4. Nxd4 Nf6 5. Nc3 a6 6. Bg5 e6 7. f4 Qc7 8. Qf3
b5 9. Bxf6 gxf6 10. O-O-O b4 11. Nce2 h5 12. Ng3 h4 13. Nh5 Nd7 14. f5 e5 15.
Nb3 Bb7 16. g4 Bh6+ 17. Kb1 Bg5 18. Nd2 Nb6 19. Qd3 O-O-O 20. Bg2 d5 1/2-1/2

[Event "Magistral Internacional FEXRJ 2007"]
[Site "Rio de Janeiro BRA"]
[Date "2007.11.29"]
[Round "7.3"]
[White "Stamenkovic, Dragan P"]
[Black "Limp, Eduardo Thelio"]
[Result "1/2-1/2"]
[WhiteElo "2315"]
[BlackElo "2405"]
[PlyCount "56"]
[EventDate "2007.11.25"]
[EventType "tourn"]
[EventRounds "9"]
[EventCountry "BRA"]
[Source "lmi"]
[SourceDate "2007.11.25"]

1. d4 d5 2. Bg5 c6 3. Nf3 Qb6 4. b3 Bf5 5. e3 Nd7 6. Bd3 Bg6 7. O-O Ngf6 8. c4
e6 9. c5 Qd8 10. Nc3 Be7 11. Bxg6 hxg6 12. Qc2 Nh5 13. Bxe7 Qxe7 14. e4 Nf4 15.
exd5 cxd5 16. g3 Nh3+ 17. Kg2 Qf6 18. Rae1 Ng5 19. Nxg5 Qxg5 20. h3 a6 21. Qd3
O-O 22. Na4 Qf5 23. Qd2 g5 24. Nb6 Nxb6 25. Re5 Qf6 26. cxb6 Qd8 27. Rxg5 Qxb6
28. Rg4 f5 1/2-1/2

[Event "Magistral Internacional FEXRJ 2007"]
[Site "Rio de Janeiro BRA"]
[Date "2007.11.29"]
[Round "7.4"]
[White "Santa Cruz, Arthur"]
[Black "Teixeira, Ricardo da Silva"]
[Result "1/2-1/2"]
[WhiteElo "2247"]
[BlackElo "2397"]
[PlyCount "36"]
[EventDate "2007.11.25"]
[EventType "tourn"]
[EventRounds "9"]
[EventCountry "BRA"]
[Source "lmi"]
[SourceDate "2007.11.25"]

1. e4 e5 2. Nf3 Nc6 3. Bb5 a6 4. Ba4 Nf6 5. O-O Be7 6. Re1 b5 7. Bb3 d6 8. c3
O-O 9. h3 Nb8 10. d4 Nbd7 11. Nbd2 Bb7 12. Bc2 Re8 13. Nf1 Bf8 14. Ng3 c5 15.
a4 Qc7 16. dxe5 dxe5 17. Nf5 h6 18. b3 Bc6 1/2-1/2

[Event "Magistral Internacional FEXRJ 2007"]
[Site "Rio de Janeiro BRA"]
[Date "2007.11.29"]
[Round "7.5"]
[White "Di Berardino, Diego Rafael"]
[Black "Cubas, Jose Fernando"]
[Result "1/2-1/2"]
[WhiteElo "2430"]
[BlackElo "2448"]
[PlyCount "54"]
[EventDate "2007.11.25"]
[EventType "tourn"]
[EventRounds "9"]
[EventCountry "BRA"]
[Source "lmi"]
[SourceDate "2007.11.25"]

1. e4 e6 2. d3 d5 3. Nd2 c5 4. Ngf3 Nc6 5. g3 Nge7 6. Bg2 g6 7. O-O Bg7 8. Re1
h6 9. h4 b6 10. c3 Bb7 11. exd5 Nxd5 12. Nc4 Qc7 13. a4 O-O 14. Qe2 e5 15. h5
Rae8 16. hxg6 fxg6 17. Ng5 Nf6 18. Ne4 Nxe4 19. Bxe4 g5 20. Qh5 Qe7 21. Ne3 Na5
22. Nf5 Qf6 23. g4 c4 24. dxc4 Bxe4 25. Rxe4 Qc6 26. f3 Nb3 27. Rb1 Nc5 1/2-1/2